000 01329cam a22003375a 4500
008 090303s2006 njua|||frb||| 001 0 eng d
010 _a2005026251
020 _a0471676071 (cloth)
020 _a9780471676072 (cloth)
035 _a(OCoLC)ocm61479597
040 _beng
_dEG-ScBUE
082 0 4 _a624
_bAMB
_222
100 1 _aAmbrose, James E.
_95303
245 1 0 _aSimplified Engineering for Architects and Builders /
_cJames Ambrose, with Patrick Tripeny.
250 _a10th ed.
260 _aHoboken :
_bWiley,
_cc.2006.
300 _axiv, 642 p. :
_bill. ;
_c23 cm.
490 _aParker-Ambrose series of simplified design guides.
500 _aIndex : p. 633-642.
504 _aIncludes bibliographical references.
590 _adoaa mohamed
650 0 _aStructural engineering.
_95305
_2BUEsh
651 _2BUEsh
653 _bENGARC
655 _aEngineering Design- Year 1
_vtext book
_xEngineering
_ySemester 2. 2008/2009
700 1 _aTripeny, Patrick.
_95306
856 4 1 _3Table of contents
_uhttp://www.loc.gov/catdir/toc/ecip0519/2005026251.html
856 4 1 _3Publisher description
_uhttp://www.loc.gov/catdir/enhancements/fy0623/2005026251-d.html
856 4 1 _3Contributor biographical information
_uhttp://www.loc.gov/catdir/enhancements/fy0659/2005026251-b.html
942 _cNB
_k624AMB
_2ddc
999 _c7746
_d7746